<?xml version="1.0" encoding="UTF-8"?><?xml-stylesheet type="text/xsl" href="static/style.xsl"?><OAI-PMH xmlns="http://www.openarchives.org/OAI/2.0/" xmlns:xsi="http://www.w3.org/2001/XMLSchema-instance" xsi:schemaLocation="http://www.openarchives.org/OAI/2.0/ http://www.openarchives.org/OAI/2.0/OAI-PMH.xsd"><responseDate>2026-04-18T18:44:52Z</responseDate><request verb="GetRecord" identifier="oai:riubu.ubu.es:10259/9769" metadataPrefix="marc">https://riubu.ubu.es/oai/request</request><GetRecord><record><header><identifier>oai:riubu.ubu.es:10259/9769</identifier><datestamp>2024-12-12T01:05:24Z</datestamp><setSpec>com_10259_4731</setSpec><setSpec>com_10259_5086</setSpec><setSpec>com_10259_2604</setSpec><setSpec>col_10259_4732</setSpec></header><metadata><record xmlns="http://www.loc.gov/MARC21/slim" xmlns:doc="http://www.lyncode.com/xoai" xmlns:xsi="http://www.w3.org/2001/XMLSchema-instance" xmlns:dcterms="http://purl.org/dc/terms/" xsi:schemaLocation="http://www.loc.gov/MARC21/slim http://www.loc.gov/standards/marcxml/schema/MARC21slim.xsd">
<leader>00925njm 22002777a 4500</leader>
<datafield tag="042" ind1=" " ind2=" ">
<subfield code="a">dc</subfield>
</datafield>
<datafield tag="720" ind1=" " ind2=" ">
<subfield code="a">Prodanova, Jana</subfield>
<subfield code="e">author</subfield>
</datafield>
<datafield tag="720" ind1=" " ind2=" ">
<subfield code="a">San Martín Gutiérrez, Sonia</subfield>
<subfield code="e">author</subfield>
</datafield>
<datafield tag="720" ind1=" " ind2=" ">
<subfield code="a">Jiménez Torres, Nadia Huitzilin</subfield>
<subfield code="e">author</subfield>
</datafield>
<datafield tag="260" ind1=" " ind2=" ">
<subfield code="c">2020</subfield>
</datafield>
<datafield tag="520" ind1=" " ind2=" ">
<subfield code="a">Despite its widespread use as a purchase channel, the Internet still provokes consumer concerns when it comes to the acquisition of high-involvement services, such as travel. This study, therefore, explores customers’ intentions to repeat their online travel purchases, depending on the level of attachment they develop with a website, as is driven by high- and low-task relevant website characteristics. With an innovative, electronic Stimulus–Organism–Response model that introduces a new site attachment variable, this study reveals that, among experienced online travel purchasers, service quality, security and privacy issues, and entertainment all function as stimuli to incite affective, cognitive, and social activity and thereby enhance site attachment. This site attachment, in turn, evokes beneficial customers’ responses, in the form of increased intentions to purchase travel services online again. With this distinctive approach to observing customers’ reactions to and interaction with websites, this study establishes several strategic implications that can help companies enhance their service features and provision, as well as ensure lasting relationships with their customers.</subfield>
</datafield>
<datafield tag="024" ind2=" " ind1="8">
<subfield code="a">1091-9392</subfield>
</datafield>
<datafield tag="024" ind2=" " ind1="8">
<subfield code="a">http://hdl.handle.net/10259/9769</subfield>
</datafield>
<datafield tag="024" ind2=" " ind1="8">
<subfield code="a">10.1080/10919392.2020.1739395</subfield>
</datafield>
<datafield tag="024" ind2=" " ind1="8">
<subfield code="a">1532-7744</subfield>
</datafield>
<datafield ind1=" " ind2=" " tag="653">
<subfield code="a">Online purchase</subfield>
</datafield>
<datafield ind1=" " ind2=" " tag="653">
<subfield code="a">Repurchase intentions</subfield>
</datafield>
<datafield ind1=" " ind2=" " tag="653">
<subfield code="a">Attachment</subfield>
</datafield>
<datafield ind1=" " ind2=" " tag="653">
<subfield code="a">SOR</subfield>
</datafield>
<datafield ind1=" " ind2=" " tag="653">
<subfield code="a">Second-order</subfield>
</datafield>
<datafield ind1=" " ind2=" " tag="653">
<subfield code="a">Service quality</subfield>
</datafield>
<datafield ind1=" " ind2=" " tag="653">
<subfield code="a">Security and privacy</subfield>
</datafield>
<datafield ind1=" " ind2=" " tag="653">
<subfield code="a">Entertainment</subfield>
</datafield>
<datafield ind1=" " ind2=" " tag="653">
<subfield code="a">Travel services</subfield>
</datafield>
<datafield tag="245" ind1="0" ind2="0">
<subfield code="a">Achieving customers’ repurchase intention through stimuli and site attachment</subfield>
</datafield>
</record></metadata></record></GetRecord></OAI-PMH>